Hiện trạng sử dụng đất nông nghiệp ở huyện Nghi Xuân, tỉnh Hà Tĩnh và tình hình phát triển một số loại cây trồng trên đất nông nghiệp

Tìm hiểu các vấn đề về hiện trạng đất nông nghiệp huyện Nghi Xuân. Nghiên cứu tình hình phát triển một số loại cây trồng. Thu thập, thành lập một số bản đồ: bản đồ hành chính huyện Nghi Xuân và bản đồ hiện trạng sử dụng đất năm 2011. Một số giải pháp, đề xuất để có thể sử dụng đất có hiệu quả nhất t...

Descrición completa

Gardado en:
Detalles Bibliográficos
Autor Principal: Phan Thị Mỹ Len
Outros autores: Hồ Phong (Hướng dẫn)
Formato: Libro
Idioma:Vietnamese
Publicado: Đà Nẵng Đại học Sư phạm, Đại học Đà Nẵng 2013
Những chủ đề:
Các nhãn: Engadir etiqueta
Sen Etiquetas, Sexa o primeiro en etiquetar este rexistro!
Thư viện lưu trữ: Mạng thư viện Đại học Đà Nẵng
LEADER 01947nam a2200349 4500
001 000018844
003 15279
005 20140115100154.0
008 140110s2013 viesd
041 |a vie 
082 1 4 |a 910.163  |b PH-L 
100 1 |a Phan Thị Mỹ Len 
245 1 0 |a Hiện trạng sử dụng đất nông nghiệp ở huyện Nghi Xuân, tỉnh Hà Tĩnh và tình hình phát triển một số loại cây trồng trên đất nông nghiệp  |c Phan Thị Mỹ Len ; Hồ Phong hướng dẫn  |k Khóa luận tốt nghiệp 
260 |a Đà Nẵng  |b Đại học Sư phạm, Đại học Đà Nẵng  |c 2013 
300 |a 54 tr., phụ lục 5 tr.  |b Hình mh.  |c 29 cm. 
500 |a Khóa luận tốt nghiệp đại học. Chuyên ngành: Sư phạm Địa lý 
520 |a Tìm hiểu các vấn đề về hiện trạng đất nông nghiệp huyện Nghi Xuân. Nghiên cứu tình hình phát triển một số loại cây trồng. Thu thập, thành lập một số bản đồ: bản đồ hành chính huyện Nghi Xuân và bản đồ hiện trạng sử dụng đất năm 2011. Một số giải pháp, đề xuất để có thể sử dụng đất có hiệu quả nhất trong tương lai. 
650 0 4 |a Đất nông nghiệp  |v Khóa luận tốt nghiệp  |x Đặc điểm  |z Hà Tĩnh (Nghi Xuân) 
653 |a Khoa Địa lý 
653 |a Đất nông nghiệp 
653 |a Cây trồng 
700 1 |a Hồ Phong  |e Hướng dẫn 
OWN |a LSP 
AVA |a UDN50  |b LSP  |d 910.163 PH-L  |e available  |t Error 5001 Not defined in file expand_doc_bib_avail.  |f 1  |g 0  |h N  |i 0  |k 1 
999 |a From the UDN01 
AVA |a UDN50  |b LSP  |d 910.163 PH-L  |e available  |t Error 5001 Not defined in file expand_doc_bib_avail.  |f 1  |g 0  |h N  |i 0  |k 1 
TYP |a Monograph 
TYP |a Printed language 
980 |a Mạng thư viện Đại học Đà Nẵng